[Event "Challenge"]
[Site "http://www.queenalice.com/game.php?id=1457394"]
[Date "2017.1.1"]
[Round "-"]
[White "franliro"]
[Black "Nomada76"]
[Result "1-0"]
[WhiteElo "1984"]
[BlackElo "1640"]

1. e4 e5 2. Nf3 Nc6 3. Bb5 Qf6 4. Nc3 Nge7 5. d3 h6 6. O-O a6 7. Ba4 b5 8. Bb3
g5 9. a4 bxa4 10. Nxa4 Bg7 11. Be3 d6 12. Nd2 O-O 13. Re1 Be6 14. Bc4 Rfd8 15.
Bxe6 Qxe6 16. Nf1 f5 17. exf5 Nxf5 18. Qg4 Qg6 19. c3 Rf8 20. Qc4+ Kh8 21. Qxc6
Nxe3 22. Rxe3 Qf7 23. Rf3 Qe7 24. Rxf8+ Rxf8 25. Ne3 Qf6 26. f3 Qg6 27. Qc4 h5
28. Qxa6 Bh6 29. Re1 g4 30. Kf2 h4 31. Ke2 Bxe3 32. Kxe3 gxf3 33. gxf3 Qg5+ 34.
Kf2 h3 35. Re2 Qf4 36. Ke1 Qxf3 37. Qc4 Qf1+ 38. Kd2 Rf4 39. d4 Rg4 40. Qd3 Qa1
41. Qxh3+ 1-0

[Event "Challenge"]
[Site "http://www.queenalice.com/game.php?id=1457481"]
[Date "2017.1.1"]
[Round "-"]
[White "Nomada76"]
[Black "franliro"]
[Result "1-0"]
[WhiteElo "1637"]
[BlackElo "1986"]

1. e4 c5 2. Bc4 e6 3. Nc3 Nc6 4. a3 Nf6 5. d3 d5 6. exd5 exd5 7. Bb5 Qb6 8. Nf3
Bg4 9. Qe2+ Be7 10. O-O Bxf3 11. Qxf3 O-O-O 12. Qf5+ Kb8 13. Bxc6 Qxc6 14. Re1
Rd7 15. Bf4+ Bd6 16. Bg5 h6 17. Bxf6 gxf6 18. g3 Be5 19. Rxe5 fxe5 20. Qxe5+ Kc8
21. Qxh8+ Rd8 22. Qg7 Qe6 23. Na4 b6 24. b4 c4 25. Kg2 f5 26. Qxa7 Rd6 27. Qh7
Qe5 28. Rf1 Rc6 29. b5 Re6 30. Qa7 Qd6 31. dxc4 dxc4 32. Qh7 Qd5+ 33. Kg1 Qxb5
34. Nc3 Qe5 35. Rd1 Re7 36. Qg8+ Re8 37. Qxc4+ Qc5 38. Qxc5+ bxc5 39. Nb5 Re6
40. Rd5 c4 41. Rc5+ Kd7 42. Rxc4 Re1+ 43. Kg2 Re5 44. a4 Kd8 45. Kf3 1-0

[Event "GRUPO B"]
[Site "http://www.queenalice.com/game.php?id=1457564"]
[Date "2017.1.2"]
[Round "-"]
[White "Unicorn"]
[Black "franliro"]
[Result "0-1"]
[WhiteElo "1100"]
[BlackElo "1955"]

1. e3 e5 2. c4 Nf6 3. h3 d5 4. Na3 Bxa3 5. bxa3 O-O 6. Bb2 Nc6 7. Rc1 Be6 8. g3
dxc4 9. Bxc4 Bxc4 10. Rxc4 Qd5 11. Nf3 Qxc4 12. Qb1 Qe4 13. Qxe4 Nxe4 14. d3 Nc5
15. Ke2 f6 16. Rc1 Ne6 17. Rc4 Rad8 18. Ne1 Rd5 19. Nf3 Rfd8 20. Ne1 Nc5 21. d4
exd4 22. exd4 Ne6 23. Nc2 Ncxd4+ 24. Kd2 Nxc2+ 25. Kxc2 Rd2+ 26. Kb3 R8d3+ 27.
Bc3 Rxf2 28. Rb4 Rff3 29. Rc4 Rxg3 30. Kb4 a5+ 0-1

[Event "Challenge"]
[Site "http://www.queenalice.com/game.php?id=1457604"]
[Date "2017.1.2"]
[Round "-"]
[White "pepeillo"]
[Black "franliro"]
[Result "1-0"]
[WhiteElo "1966"]
[BlackElo "1988"]

1. e4 c5 2. Nc3 Nc6 3. Nf3 e5 4. Bc4 d6 5. h3 Be7 6. O-O Nf6 7. d3 a6 8. Nd5 Na5
9. Nxe7 Qxe7 10. Bg5 Nxc4 11. dxc4 h6 12. Bxf6 gxf6 13. Qd3 Rg8 14. Nh4 Be6 15.
Rae1 O-O-O 16. Re3 Rg7 17. Rd1 Kc7 18. a3 Rdg8 19. b4 cxb4 20. axb4 Rc8 21. b5
a5 22. Qa3 b6 23. Red3 Kb7 24. Rxd6 Qf8 25. Qe3 Rc5 26. Rd8 Qe7 27. Nf5 Bxf5 28.
exf5 Kc7 29. Qd3 1-0

[Event "Torneo ajedrez 2017vidrio"]
[Site "http://www.queenalice.com/game.php?id=1457605"]
[Date "2017.1.2"]
[Round "-"]
[White "franliro"]
[Black "pepeillo"]
[Result "0-1"]
[WhiteElo "2023"]
[BlackElo "1997"]

1. e4 e5 2. Nf3 Nc6 3. Bb5 a6 4. Ba4 Nf6 5. O-O Nh5 6. Bxc6 dxc6 7. Nxe5 g6 8.
d4 Bg7 9. f4 f6 10. Nf3 Bg4 11. c3 Qd7 12. Qb3 O-O-O 13. Be3 Bh6 14. Ne1 Rhe8
15. Nd2 Bf5 16. Nd3 b6 17. Nf2 Nxf4 18. Rae1 Bg4 19. Nxg4 Qxg4 20. Bxf4 Bxf4 21.
Nf3 h5 22. g3 g5 23. Kf2 Bd6 24. Qc2 h4 25. gxh4 gxh4 26. Rg1 Qh5 27. Qd3 Kb7
28. b4 Qf7 29. Re2 Rg8 30. Rxg8 Rxg8 31. Ke1 h3 32. e5 fxe5 33. dxe5 Be7 34. Qe4
Rf8 35. Re3 Qxa2 36. Re2 Qa1+ 37. Kd2 Rd8+ 38. Nd4 Bg5+ 39. Kc2 Qa2+ 40. Kd1 Qc4
41. Kc2 Rxd4 0-1

[Event "Grupo B"]
[Site "http://www.queenalice.com/game.php?id=1457637"]
[Date "2017.1.3"]
[Round "-"]
[White "pokemon"]
[Black "franliro"]
[Result "1-0"]
[WhiteElo "1910"]
[BlackElo "2024"]

1. d4 Nf6 2. e3 e6 3. Bd3 d5 4. Nf3 c5 5. c3 Nc6 6. Nbd2 Bd6 7. a3 c4 8. Bc2 Qc7
9. e4 dxe4 10. Nxe4 Nxe4 11. Bxe4 f5 12. Bc2 O-O 13. Qe2 Na5 14. Qd1 Bd7 15. O-O
h6 16. Re1 Rae8 17. Ne5 Bxe5 18. Rxe5 Bc6 19. Bf4 Qd8 20. Qe2 Bd5 21. Re1 Nc6
22. Re3 Rf6 23. Rg3 Kh7 24. Qh5 Qe7 25. Ba4 Qf7 26. Qh3 Rg8 27. Bd1 Ne7 28. Bg5
f4 29. Rg4 Rg6 30. Rxf4 Rf6 31. Rxf6 1-0

[Event "TORNEO AJEDREZ 2017 VIDRIO"]
[Site "http://www.queenalice.com/game.php?id=1457642"]
[Date "2017.1.3"]
[Round "-"]
[White "franliro"]
[Black "pokemon"]
[Result "0-1"]
[WhiteElo "2003"]
[BlackElo "1933"]

1. e4 c6 2. d4 d5 3. e5 Qb6 4. Nf3 Bg4 5. Be2 Bxf3 6. Bxf3 e6 7. a3 c5 8. c3 Nc6
9. dxc5 Bxc5 10. Qe2 Nge7 11. b4 Bxf2+ 12. Qxf2 Qxf2+ 13. Kxf2 Nxe5 14. Be2 O-O
15. Bf4 N7g6 16. Bxe5 Nxe5 17. Nd2 Rac8 18. Rhc1 Rc7 19. a4 Rfc8 20. Ra3 h6 21.
Ke3 a6 22. b5 a5 23. Kd4 Nd7 24. c4 b6 25. Rcc3 Nf6 26. cxd5 Nxd5 27. Rxc7 Rxc7
28. Bf3 Nb4 29. Rc3 e5+ 30. Kxe5 Rxc3 31. Kd4 Ra3 32. Nc4 Nc2+ 33. Ke5 Rxa4 34.
Nxb6 Rb4 35. Bc6 a4 36. Nd5 Rb2 37. b6 a3 38. Nc3 Rxb6 39. Bd5 Nb4 40. Bc4 Rc6
41. Kd4 Nc2+ 42. Kd3 Ne1+ 43. Kd4 Nxg2 44. Nd5 Rxc4+ 45. Kxc4 a2 0-1

[Event "AUTO-OPEN-3693"]
[Site "http://www.queenalice.com/game.php?id=1468465"]
[Date "2017.3.11"]
[Round "2"]
[White "franliro"]
[Black "sia"]
[Result "0-1"]
[WhiteElo "2006"]
[BlackElo "2185"]

1. e4 e5 2. Nf3 d6 3. d4 f6 4. d5 Bg4 5. Be2 Nd7 6. c4 Nc5 7. Nc3 a6 8. O-O Ne7
9. b4 Nd7 10. Be3 Ng6 11. h3 Bxf3 12. Bxf3 Be7 13. a4 O-O 14. Bh5 f5 15. exf5
Rxf5 16. Bxg6 hxg6 17. Ne4 Nb6 18. Bxb6 cxb6 19. Qg4 Qe8 20. g3 Rh5 21. h4 Qf7
22. Kg2 Rf8 23. Qd7 Qf3+ 24. Kh2 Bxh4 0-1

[Event "AUTO-OPEN-3693"]
[Site "http://www.queenalice.com/game.php?id=1468466"]
[Date "2017.3.11"]
[Round "2"]
[White "sia"]
[Black "franliro"]
[Result "1-0"]
[WhiteElo "2104"]
[BlackElo "2012"]

1. e4 c5 2. d3 Nc6 3. Nf3 d6 4. Be2 Nf6 5. Bg5 e5 6. O-O Be7 7. Nc3 O-O 8. a3
Be6 9. Bxf6 Bxf6 10. Nd5 Bxd5 11. exd5 Ne7 12. c4 b6 13. b4 a5 14. b5 e4 15.
dxe4 Bxa1 16. Qxa1 Ng6 17. e5 Nf4 18. Re1 Re8 19. g3 Nxe2+ 20. Rxe2 dxe5 21.
Nxe5 Qf6 22. Qe1 h5 23. Nd7 Qd8 24. Rxe8+ Qxe8 25. Qxe8+ Rxe8 26. Nxb6 Rd8 27.
Kg2 g5 28. Na4 Rc8 29. Kf3 f5 30. h4 gxh4 31. gxh4 Kg7 32. Kf4 Kf6 33. f3 Rc7
34. b6 Rb7 35. Nxc5 Kg6 36. Nxb7 1-0

[Event "Challenge"]
[Site "http://www.queenalice.com/game.php?id=1471523"]
[Date "2017.4.2"]
[Round "-"]
[White "franliro"]
[Black "pokemon"]
[Result "1-0"]
[WhiteElo "2000"]
[BlackElo "1926"]

1. e4 c6 2. d4 d5 3. Nc3 Nf6 4. e5 Ng8 5. Bd3 Qb6 6. Nge2 Bg4 7. h3 Bh5 8. g4
Bg6 9. Bxg6 hxg6 10. Na4 Qc7 11. e6 f6 12. Bf4 Qc8 13. Bxb8 Rxb8 14. Nc5 Qc7 15.
Qd3 Rh6 16. Qe3 g5 17. O-O-O Rc8 18. Ng3 b6 19. Nd7 g6 20. Nxf8 Kxf8 21. Rdf1
Qf4 22. Qxf4 gxf4 23. Ne2 g5 24. h4 Rd8 25. Re1 Rd6 26. Ng1 Rxh4 27. Rxh4 gxh4
28. f3 Kg7 29. Nh3 Kh6 30. Nxf4 a5 31. Nh3 c5 32. dxc5 bxc5 33. f4 Rb6 34. f5
Rb4 35. Rg1 Rd4 36. Rg2 a4 37. a3 c4 38. Nf2 Kg5 39. c3 Rf4 40. Nh3+ 1-0

[Event "Challenge"]
[Site "http://www.queenalice.com/game.php?id=1471536"]
[Date "2017.4.2"]
[Round "-"]
[White "pokemon"]
[Black "franliro"]
[Result "0-1"]
[WhiteElo "1913"]
[BlackElo "2013"]

1. d4 d5 2. e3 Nf6 3. Nf3 e6 4. Bd3 c5 5. c3 Nc6 6. Nbd2 Bd6 7. a3 c4 8. Bc2 O-O
9. e4 Bc7 10. e5 Ne8 11. Nf1 f6 12. exf6 Nxf6 13. h3 Qe8 14. N1h2 e5 15. O-O e4
16. Nd2 Qg6 17. Kh1 Nh5 18. Ng4 Bxg4 19. hxg4 Nf4 20. Nf3 Qxg4 21. Bxf4 Bxf4 22.
Nh2 Qh4 23. g3 Bxg3 24. fxg3 Qxg3 25. Qh5 Ne7 26. Ng4 Rxf1+ 27. Rxf1 Qd6 28.
Qf7+ Kh8 29. Kg2 Qg6 30. Qxg6 Nxg6 31. Ne3 Rd8 32. Kg3 Kg8 33. a4 Ne7 34. b3
cxb3 35. Bxb3 g6 36. Kf4 Rf8+ 37. Ke5 Rxf1 38. Nxf1 Nf5 39. Bxd5+ Kg7 40. Bxe4
Ne7 41. Bxb7 h5 42. d5 Kf8 43. c4 g5 44. d6 Ng6+ 45. Kf6 Nf4 46. c5 g4 0-1

[Event "2a RONDA"]
[Site "http://www.queenalice.com/game.php?id=1471660"]
[Date "2017.4.3"]
[Round "-"]
[White "franliro"]
[Black "tomatito2"]
[Result "1-0"]
[WhiteElo "2001"]
[BlackElo "1747"]

1. e4 e5 2. Nf3 Nc6 3. Bb5 d6 4. d4 Bd7 5. c4 exd4 6. Nxd4 Nxd4 7. Bxd7+ Qxd7 8.
Qxd4 Nf6 9. Nc3 c6 10. Bd2 Qe6 11. O-O Nd7 12. b3 c5 13. Qe3 a6 14. Nd5 O-O-O
15. Ba5 b6 16. Bxb6 1-0

[Event "2ª Ronda Castellar Vidre"]
[Site "http://www.queenalice.com/game.php?id=1471750"]
[Date "2017.4.3"]
[Round "-"]
[White "tomatito2"]
[Black "franliro"]
[Result "0-1"]
[WhiteElo "1739"]
[BlackElo "2007"]

1. e4 c5 2. Nc3 Nc6 3. Nf3 d6 4. d4 cxd4 5. Nxd4 Nf6 6. Bb5 Bd7 7. Bg5 e6 8. O-O
Be7 9. Re1 a6 10. Nxc6 Bxc6 11. Bd3 O-O 12. Bxf6 Bxf6 13. Qh5 g6 14. Qf3 Bd4 15.
Rab1 f5 16. Qh3 fxe4 17. Bxe4 Bxf2+ 0-1

[Event "AUTO-MASTER-2626"]
[Site "http://www.queenalice.com/game.php?id=1489946"]
[Date "2017.8.12"]
[Round "1"]
[White "andrevillares"]
[Black "franliro"]
[Result "1-0"]
[WhiteElo "2069"]
[BlackElo "1970"]

1. d4 Nf6 2. c4 e6 3. Nf3 d5 4. Nc3 Bb4 5. Bg5 O-O 6. e3 h6 7. Bxf6 Qxf6 8. cxd5
exd5 9. Bd3 Bg4 10. O-O c6 11. Na4 Nd7 12. a3 Ba5 13. b4 Bc7 14. h3 Bxf3 15.
Qxf3 1-0

[Event "AUTO-MASTER-2626"]
[Site "http://www.queenalice.com/game.php?id=1489947"]
[Date "2017.8.12"]
[Round "1"]
[White "franliro"]
[Black "andrevillares"]
[Result "0-1"]
[WhiteElo "1983"]
[BlackElo "2056"]

1. e4 c6 2. d4 d5 3. e5 Bf5 4. Nf3 e6 5. c3 Nd7 6. Be3 Ne7 7. Be2 Ng6 8. Nbd2
Be7 9. h3 O-O 10. g4 Be4 11. Nxe4 dxe4 12. Nd2 f6 13. Nxe4 fxe5 14. Qb3 exd4 0-1

[Event "AUTO-MASTER-2626"]
[Site "http://www.queenalice.com/game.php?id=1489960"]
[Date "2017.8.12"]
[Round "1"]
[White "pomar"]
[Black "franliro"]
[Result "1-0"]
[WhiteElo "2136"]
[BlackElo "2006"]

1. f3 e5 2. Kf2 d5 3. e3 Bc5 4. c4 d4 5. Qb3 Nf6 6. Qb5+ Nbd7 7. d3 a6 8. Qa4
O-O 9. e4 Nb6 10. Qd1 Be6 11. g3 Be7 12. Bh3 h6 13. Kg2 Nh7 14. Bxe6 fxe6 15.
Nh3 Nd7 16. Rf1 c5 17. f4 Qe8 18. fxe5 Nxe5 19. Bf4 Ng6 20. Bd2 Qc6 21. Nf4
Nxf4+ 22. Bxf4 Bg5 23. Nd2 Bxf4 24. gxf4 Rf6 25. Qg4 Raf8 26. Kh3 Qe8 27. Rg1
Qf7 28. Raf1 Rxf4 29. Rxf4 1-0

[Event "AUTO-MASTER-2626"]
[Site "http://www.queenalice.com/game.php?id=1489961"]
[Date "2017.8.12"]
[Round "1"]
[White "franliro"]
[Black "pomar"]
[Result "0-1"]
[WhiteElo "1995"]
[BlackElo "2089"]

1. e4 e6 2. d4 d5 3. e5 c5 4. Nf3 Qb6 5. c3 Nc6 6. Be2 cxd4 7. cxd4 Nge7 8. O-O
Nf5 9. Be3 Qxb2 10. Nbd2 Ncxd4 11. Nxd4 Nxd4 12. Bxd4 Qxd4 13. Bb5+ Bd7 14.
Bxd7+ Kxd7 15. Qb3 Qb4 16. Rfb1 Qxb3 17. Rxb3 b6 18. Rf3 Ke8 19. Rc1 Bc5 20. Nb3
Rc8 21. Rfc3 Kd7 22. g3 Bb4 23. Rxc8 Rxc8 24. Rxc8 Kxc8 25. f4 Kc7 26. Kf2 Kc6
27. a4 a6 28. Kf3 b5 29. a5 Bc5 30. g4 b4 31. f5 Kb5 32. Ke2 Kc4 33. Nd2+ Kc3
34. Nb1+ Kb2 35. Nd2 Kc2 36. Nf3 b3 37. Ne1+ Kc3 0-1

[Event "AUTO-MASTER-2626"]
[Site "http://www.queenalice.com/game.php?id=1489968"]
[Date "2017.8.12"]
[Round "1"]
[White "CCapivara"]
[Black "franliro"]
[Result "1-0"]
[WhiteElo "2362"]
[BlackElo "2010"]

1. e4 c5 2. Nf3 d6 3. d4 cxd4 4. Nxd4 Nf6 5. Nc3 g6 6. Be3 Bg7 7. Be2 Nc6 8. Qd2
O-O 9. O-O-O a6 10. f3 Bd7 11. g4 h5 12. gxh5 Nxh5 13. f4 Nxf4 14. Nxc6 Nxe2+
15. Nxe2 Bxc6 16. Ng3 f5 17. Bh6 fxe4 18. Bxg7 Kxg7 19. Rhg1 d5 20. Qg5 Qd6 21.
Kb1 Rac8 22. h4 Rf2 23. h5 Be8 24. Nf5+ Rxf5 25. Qxf5 Qc6 26. c3 Bf7 27. Rdf1
1-0

[Event "AUTO-MASTER-2626"]
[Site "http://www.queenalice.com/game.php?id=1489969"]
[Date "2017.8.12"]
[Round "1"]
[White "franliro"]
[Black "CCapivara"]
[Result "0-1"]
[WhiteElo "2008"]
[BlackElo "2363"]

1. e4 d6 2. d4 Nf6 3. Nc3 c6 4. Bc4 d5 5. exd5 cxd5 6. Bb3 Nc6 7. a3 Bf5 8. Nf3
e6 9. O-O Bd6 10. h3 O-O 11. Ne2 Rc8 12. c3 Ne4 13. Bc2 Qf6 14. Kh1 Bxh3 15.
Nfg1 Bg4 16. Qd3 Qh4+ 17. Nh3 f5 18. Kg1 f4 19. Nexf4 g5 20. Nxg5 Bxf4 21. Bxf4
Rxf4 22. Nxe4 dxe4 23. Qe3 Rf6 24. Bxe4 Rcf8 25. f4 Bh5 0-1